00286nam a2200085Ia 4500008004100000082001600041245004100057300002300098650007900121230907s9999||||xx |||||||||||||| ||und|| a610.28bHAN 0aHandbook of biomaterial properties / axviii, 676 pages : aHandbooks, manuals, etc. Handbooks, manuals, etc. Handbooks, manuals, etc.